书目信息 |
| 题名: |
现代美学文论选
|
|
| 作者: | Rader , 麦·莱德尔 编 | |
| 分册: | ||
| 出版信息: | 北京 文化艺术出版社 1988.12 |
|
| 页数: | 621页 | |
| 开本: | 20cm | |
| 丛书名: | 外国文艺理论研究资料丛书 | |
| 单 册: | ||
| 中图分类: | I0-53 | |
| 科图分类: | ||
| 主题词: | 文学理论--文集 | |
| 电子资源: | ||
| ISBN: | 7-5039-0056-3 | |
| 000 | 00893nam2 2200289 45 | |
| 001 | 0189003187 | |
| 005 | 20050324160647.3 | |
| 010 | @a7-5039-0056-3@dCNY8.00 | |
| 020 | @aCN@b89003187 | |
| 100 | @a19900816d1988 m y0chiy0120 ea | |
| 101 | 1 | @achi@ceng |
| 102 | @aCN@b110000 | |
| 105 | @ay z 000yy | |
| 200 | 10 | @a现代美学文论选@Axian dai mei xue wen lun xuan@f(美)麦·莱德尔 编@F(Mei)Mai·Lai De Er Bian@g孙越生等译 |
| 210 | @a北京@c文化艺术出版社@d1988.12 | |
| 215 | @a621页@d20cm | |
| 225 | 2 | @a外国文艺理论研究资料丛书@f陆梅林,程代熙主编 |
| 300 | @a著者原题:莱德尔 | |
| 300 | @a书名原文:A modern book of esthtics | |
| 300 | @a本书据1957年俄译本翻译 | |
| 410 | 0 | @120010@a外国文艺理论研究资料丛书 |
| 606 | 0 | @a文学理论@x文集 |
| 690 | @aI0-53@v3 | |
| 701 | A1 | @aRader@bM.@4编 |
| 701 | 0 | @a麦·莱德尔@4编 |
| 801 | 0 | @aCN@bNLC@c19900816 |
| 905 | @dI0-53@e136@b220291@f1 | |
| 现代美学文论选/(美)麦·莱德尔 编/孙越生等译.-北京:文化艺术出版社,1988.12 |
| 621页;20cm.-(外国文艺理论研究资料丛书/陆梅林,程代熙主编) |
| 著者原题:莱德尔.-书名原文:A modern book of esthtics.-本书据1957年俄译本翻译 |
| ISBN 7-5039-0056-3:CNY8.00 |
| ● |
| 相关链接 |
|
|
|
|
正题名:现代美学文论选
索取号:I0-53/136
 
预约/预借
| 序号 | 登录号 | 条形码 | 馆藏地/架位号 | 状态 | 备注 |
| 1 | 0220291 | 002020360 | 第二借阅区/ [索取号:I0-53/136] | 在馆 | |
| 2 | 0220292 | 202070178 | 第一样本阅览室/ [索取号:I0-53/136] | 在馆 |